KOHA-Header-6

State of Human Rights in 2015 (Record no. 2434)

000 -LEADER
fixed length control field 00300nam a2200121Ia 4500
008 - FIXED-LENGTH DATA ELEMENTS--GENERAL INFORMATION
fixed length control field 190802s9999 xx 000 0 und d
020 ## - INTERNATIONAL STANDARD BOOK NUMBER
International Standard Book Number 978-969-8324-810
100 ## - MAIN ENTRY--PERSONAL NAME
Personal name Human Right Commission
245 #0 - TITLE STATEMENT
Title State of Human Rights in 2015
260 ## - PUBLICATION, DISTRIBUTION, ETC. (IMPRINT)
Place of publication, distribution, etc Lahore
Name of publisher, distributor, etc HRP
Date of publication, distribution, etc 2015
300 ## - PHYSICAL DESCRIPTION
Extent 398:p
942 ## - ADDED ENTRY ELEMENTS (KOHA)
Koha item type Books
Holdings
Withdrawn status Lost status Source of classification or shelving scheme Damaged status Not for loan Collection code Permanent Location Current Location Shelving location Date acquired Full call number Barcode Date last seen Price effective from Koha item type
          English Literature MAJU MAJU Shelf No.A13 2019-08-03 301.59 9057 2019-08-03 2019-08-03 English Literature

Powered by Koha